[Event "Madrid-ch U18 0809"]
[Site "Madrid"]
[Date "2009.01.05"]
[Round "9"]
[White "Jimenez Rodriguez, Alfonso"]
[Black "Martinez Vazquez, Juan Jose"]
[Result "1-0"]
[WhiteElo "1908"]
[BlackElo "1521"]
[PlyCount "32"]
[EventDate "2008.12.26"]
[EventType "swiss"]
[EventRounds "9"]
[EventCountry "ESP"]
[SourceTitle "CBM 128 Extra"]
[Source "ChessBase"]
[SourceDate "2009.03.05"]
[SourceVersion "2"]
[SourceVersionDate "2009.03.25"]
[SourceQuality "1"]

1. e4 e5 2. Nf3 Nc6 3. Bc4 Nf6 4. Ng5 d5 5. exd5 Nxd5 6. Qf3 Qxg5 7. Bxd5 Be6 8. Bxc6+ bxc6 9. Qxc6+ Ke7 10. Qxa8 Kd7 11. Qf3 Bd6 12. 0-0 Rf8 13. d4 Qg6 14. dxe5 Bxe5 15. Qd3+ Ke7 16. Qxg6 fxg6 1-0

[Event "Madrid-ch U18 0809"]
[Site "Madrid"]
[Date "2008.12.28"]
[Round "3"]
[White "Rodriguez Centenera, Sara"]
[Black "Martinez Vazquez, Juan Jose"]
[Result "1-0"]
[WhiteElo "1663"]
[BlackElo "1521"]
[PlyCount "41"]
[EventDate "2008.12.26"]
[EventType "swiss"]
[EventRounds "9"]
[EventCountry "ESP"]
[SourceTitle "CBM 128 Extra"]
[Source "ChessBase"]
[SourceDate "2009.03.05"]
[SourceVersion "2"]
[SourceVersionDate "2009.03.25"]
[SourceQuality "1"]

1. d4 d5 2. c4 e6 3. Nc3 b6 4. Nf3 Nf6 5. Bg5 Be7 6. e3 0-0 7. Bd3 c5 8. cxd5 exd5 9. 0-0 h6 10. Bh4 Be6 11. Rc1 c4 12. Bb1 Nh5 13. Qc2 g6 14. Bxe7 Qxe7 15. e4 dxe4 16. Qxe4 Nd7 17. d5 Nhf6 18. Qe1 Qd6 19. dxe6 fxe6 20. Qd2 Ne4 21. Qxd6 1-0

[Event "Madrid-ch U18 0809"]
[Site "Madrid"]
[Date "2008.12.26"]
[Round "1"]
[White "Martinez Vazquez, Juan Jose"]
[Black "Fernandez Lledo, Javier"]
[Result "0-1"]
[WhiteElo "1521"]
[BlackElo "1911"]
[PlyCount "54"]
[EventDate "2008.12.26"]
[EventType "swiss"]
[EventRounds "9"]
[EventCountry "ESP"]
[SourceTitle "CBM 128 Extra"]
[Source "ChessBase"]
[SourceDate "2009.03.05"]
[SourceVersion "2"]
[SourceVersionDate "2009.03.25"]
[SourceQuality "1"]

1. e4 c5 2. Nf3 Nc6 3. d4 cxd4 4. Nxd4 Nf6 5. Nc3 e5 6. Nf3 Bb4 7. Bd3 0-0 8. Bd2 d6 9. 0-0 Bg4 10. h3 Bh5 11. a3 Bc5 12. Be2 h6 13. b4 Bb6 14. Nh4 Bxe2 15. Qxe2 Nd4 16. Qd1 Nxe4 17. Nxe4 Qxh4 18. Nxd6 Rad8 19. Nc4 Bc7 20. c3 Ne6 21. Qe2 b5 22. Ne3 Nf4 23. Qf3 Rxd2 24. Nf5 Qg5 25. g4 Rd3 26. Ne3 Qh4 27. Kh2 e4 0-1